<?xml version="1.0" encoding="UTF-8"?>
<record
    xmlns:xsi="http://www.w3.org/2001/XMLSchema-instance"
    xsi:schemaLocation="http://www.loc.gov/MARC21/slim http://www.loc.gov/standards/marcxml/schema/MARC21slim.xsd"
    xmlns="http://www.loc.gov/MARC21/slim">

  <leader>00425nam a22001697a 4500</leader>
  <datafield tag="020" ind1=" " ind2=" ">
    <subfield code="a">9789552311543</subfield>
  </datafield>
  <datafield tag="082" ind1=" " ind2=" ">
    <subfield code="a">546 BAN</subfield>
  </datafield>
  <datafield tag="100" ind1=" " ind2=" ">
    <subfield code="a">Bandarage,G</subfield>
  </datafield>
  <datafield tag="245" ind1=" " ind2=" ">
    <subfield code="a">Symmetry in Molecules-unit 1V</subfield>
  </datafield>
  <datafield tag="260" ind1=" " ind2=" ">
    <subfield code="a">Colombo</subfield>
    <subfield code="b">Open University</subfield>
    <subfield code="c">2010</subfield>
  </datafield>
  <datafield tag="300" ind1=" " ind2=" ">
    <subfield code="a">87p</subfield>
  </datafield>
  <datafield tag="490" ind1=" " ind2=" ">
    <subfield code="a">Inorganic Chemistry - CMU 2122</subfield>
  </datafield>
  <datafield tag="505" ind1=" " ind2=" ">
    <subfield code="a">Bachelor Science :Level 4</subfield>
  </datafield>
  <datafield tag="650" ind1=" " ind2=" ">
    <subfield code="a"> chemistry</subfield>
    <subfield code="a"> inorganic chemistry</subfield>
  </datafield>
  <datafield tag="650" ind1=" " ind2=" ">
    <subfield code="a">OUSL</subfield>
  </datafield>
  <datafield tag="942" ind1=" " ind2=" ">
    <subfield code="c">REF</subfield>
  </datafield>
  <datafield tag="999" ind1=" " ind2=" ">
    <subfield code="c">423</subfield>
    <subfield code="d">423</subfield>
  </datafield>
  <datafield tag="952" ind1=" " ind2=" ">
    <subfield code="0">0</subfield>
    <subfield code="1">0</subfield>
    <subfield code="7">0</subfield>
    <subfield code="8">NFIC</subfield>
    <subfield code="a">MLCampus</subfield>
    <subfield code="b">MLCampus</subfield>
    <subfield code="c">GEN</subfield>
    <subfield code="d">2015-03-08</subfield>
    <subfield code="g">395.00</subfield>
    <subfield code="l">50</subfield>
    <subfield code="m">5</subfield>
    <subfield code="o">546 BAN</subfield>
    <subfield code="p">005735</subfield>
    <subfield code="r">2025-12-30 10:40:04</subfield>
    <subfield code="s">2025-12-15</subfield>
    <subfield code="y">BK</subfield>
  </datafield>
  <datafield tag="952" ind1=" " ind2=" ">
    <subfield code="0">0</subfield>
    <subfield code="1">0</subfield>
    <subfield code="7">0</subfield>
    <subfield code="8">NFIC</subfield>
    <subfield code="a">MLCampus</subfield>
    <subfield code="b">MLCampus</subfield>
    <subfield code="c">GEN</subfield>
    <subfield code="d">2015-03-08</subfield>
    <subfield code="g">395.00</subfield>
    <subfield code="l">33</subfield>
    <subfield code="m">4</subfield>
    <subfield code="o">546 BAN</subfield>
    <subfield code="p">005740</subfield>
    <subfield code="r">2026-01-02 08:25:46</subfield>
    <subfield code="s">2025-12-16</subfield>
    <subfield code="y">BK</subfield>
  </datafield>
  <datafield tag="952" ind1=" " ind2=" ">
    <subfield code="0">0</subfield>
    <subfield code="1">0</subfield>
    <subfield code="7">0</subfield>
    <subfield code="8">NFIC</subfield>
    <subfield code="a">IC</subfield>
    <subfield code="b">IC</subfield>
    <subfield code="c">GEN</subfield>
    <subfield code="d">2015-03-08</subfield>
    <subfield code="g">395.00</subfield>
    <subfield code="l">44</subfield>
    <subfield code="m">3</subfield>
    <subfield code="o">546 BAN</subfield>
    <subfield code="p">005741</subfield>
    <subfield code="r">2026-02-01 11:18:03</subfield>
    <subfield code="s">2026-01-10</subfield>
    <subfield code="y">BK</subfield>
  </datafield>
  <datafield tag="952" ind1=" " ind2=" ">
    <subfield code="0">0</subfield>
    <subfield code="1">0</subfield>
    <subfield code="7">0</subfield>
    <subfield code="8">NFIC</subfield>
    <subfield code="a">MLCampus</subfield>
    <subfield code="b">MLCampus</subfield>
    <subfield code="c">GEN</subfield>
    <subfield code="d">2015-03-08</subfield>
    <subfield code="g">395.00</subfield>
    <subfield code="l">39</subfield>
    <subfield code="m">4</subfield>
    <subfield code="o">546 BAN</subfield>
    <subfield code="p">005742</subfield>
    <subfield code="r">2025-06-24 11:27:48</subfield>
    <subfield code="s">2025-06-08</subfield>
    <subfield code="y">BK</subfield>
  </datafield>
  <datafield tag="952" ind1=" " ind2=" ">
    <subfield code="0">0</subfield>
    <subfield code="1">0</subfield>
    <subfield code="7">0</subfield>
    <subfield code="8">NFIC</subfield>
    <subfield code="a">MLCampus</subfield>
    <subfield code="b">MLCampus</subfield>
    <subfield code="c">GEN</subfield>
    <subfield code="d">2015-03-08</subfield>
    <subfield code="g">395.00</subfield>
    <subfield code="l">30</subfield>
    <subfield code="m">7</subfield>
    <subfield code="o">546 BAN</subfield>
    <subfield code="p">005743</subfield>
    <subfield code="r">2025-12-22 11:56:13</subfield>
    <subfield code="s">2025-12-09</subfield>
    <subfield code="y">BK</subfield>
  </datafield>
  <datafield tag="952" ind1=" " ind2=" ">
    <subfield code="0">0</subfield>
    <subfield code="1">0</subfield>
    <subfield code="7">0</subfield>
    <subfield code="8">NFIC</subfield>
    <subfield code="a">IC</subfield>
    <subfield code="b">IC</subfield>
    <subfield code="c">GEN</subfield>
    <subfield code="d">2015-03-08</subfield>
    <subfield code="g">395.00</subfield>
    <subfield code="l">46</subfield>
    <subfield code="m">8</subfield>
    <subfield code="o">546 BAN</subfield>
    <subfield code="p">005744</subfield>
    <subfield code="r">2026-02-09 08:24:29</subfield>
    <subfield code="s">2026-01-28</subfield>
    <subfield code="y">BK</subfield>
  </datafield>
  <datafield tag="952" ind1=" " ind2=" ">
    <subfield code="0">0</subfield>
    <subfield code="1">0</subfield>
    <subfield code="7">0</subfield>
    <subfield code="8">NFIC</subfield>
    <subfield code="a">MLCampus</subfield>
    <subfield code="b">IC</subfield>
    <subfield code="c">GEN</subfield>
    <subfield code="d">2015-03-08</subfield>
    <subfield code="g">395.00</subfield>
    <subfield code="l">36</subfield>
    <subfield code="m">5</subfield>
    <subfield code="o">546 BAN</subfield>
    <subfield code="p">005745</subfield>
    <subfield code="r">2026-05-20 09:49:42</subfield>
    <subfield code="s">2026-04-25</subfield>
    <subfield code="y">BK</subfield>
  </datafield>
  <datafield tag="952" ind1=" " ind2=" ">
    <subfield code="0">0</subfield>
    <subfield code="1">0</subfield>
    <subfield code="7">0</subfield>
    <subfield code="8">NFIC</subfield>
    <subfield code="a">MLCampus</subfield>
    <subfield code="b">IC</subfield>
    <subfield code="c">GEN</subfield>
    <subfield code="d">2015-03-08</subfield>
    <subfield code="g">395.00</subfield>
    <subfield code="l">43</subfield>
    <subfield code="m">4</subfield>
    <subfield code="o">546 BAN</subfield>
    <subfield code="p">005746</subfield>
    <subfield code="r">2026-05-02 07:06:56</subfield>
    <subfield code="s">2026-04-25</subfield>
    <subfield code="y">BK</subfield>
  </datafield>
  <datafield tag="952" ind1=" " ind2=" ">
    <subfield code="0">0</subfield>
    <subfield code="1">0</subfield>
    <subfield code="7">0</subfield>
    <subfield code="8">NFIC</subfield>
    <subfield code="a">MLCampus</subfield>
    <subfield code="b">MLCampus</subfield>
    <subfield code="c">GEN</subfield>
    <subfield code="d">2015-03-08</subfield>
    <subfield code="g">395.00</subfield>
    <subfield code="l">30</subfield>
    <subfield code="m">4</subfield>
    <subfield code="o">546 BAN</subfield>
    <subfield code="p">005747</subfield>
    <subfield code="r">2025-06-13 11:37:26</subfield>
    <subfield code="s">2025-06-11</subfield>
    <subfield code="y">BK</subfield>
  </datafield>
  <datafield tag="952" ind1=" " ind2=" ">
    <subfield code="0">0</subfield>
    <subfield code="1">0</subfield>
    <subfield code="7">0</subfield>
    <subfield code="8">NFIC</subfield>
    <subfield code="a">MLCampus</subfield>
    <subfield code="b">MLCampus</subfield>
    <subfield code="c">GEN</subfield>
    <subfield code="d">2015-03-08</subfield>
    <subfield code="g">395.00</subfield>
    <subfield code="l">42</subfield>
    <subfield code="o">546 BAN</subfield>
    <subfield code="p">005748</subfield>
    <subfield code="r">2025-12-16 08:51:28</subfield>
    <subfield code="s">2025-12-16</subfield>
    <subfield code="y">SBK</subfield>
  </datafield>
  <datafield tag="952" ind1=" " ind2=" ">
    <subfield code="0">0</subfield>
    <subfield code="1">0</subfield>
    <subfield code="7">0</subfield>
    <subfield code="8">NFIC</subfield>
    <subfield code="a">MLCampus</subfield>
    <subfield code="b">MLCampus</subfield>
    <subfield code="c">GEN</subfield>
    <subfield code="d">2015-09-26</subfield>
    <subfield code="g">395.00</subfield>
    <subfield code="l">1</subfield>
    <subfield code="o">546 BAN</subfield>
    <subfield code="p">005736</subfield>
    <subfield code="r">2018-03-22 00:00:00</subfield>
    <subfield code="s">2018-03-22</subfield>
    <subfield code="w">2015-09-26</subfield>
    <subfield code="y">REF</subfield>
  </datafield>
  <datafield tag="952" ind1=" " ind2=" ">
    <subfield code="0">0</subfield>
    <subfield code="1">0</subfield>
    <subfield code="7">0</subfield>
    <subfield code="8">NFIC</subfield>
    <subfield code="a">IC</subfield>
    <subfield code="b">IC</subfield>
    <subfield code="c">GEN</subfield>
    <subfield code="d">2016-02-05</subfield>
    <subfield code="g">395.00</subfield>
    <subfield code="l">48</subfield>
    <subfield code="m">4</subfield>
    <subfield code="o">546 BAN</subfield>
    <subfield code="p">007028</subfield>
    <subfield code="q">2026-02-11</subfield>
    <subfield code="r">2026-01-28 10:21:10</subfield>
    <subfield code="s">2026-01-28</subfield>
    <subfield code="w">2016-02-05</subfield>
    <subfield code="y">BK</subfield>
  </datafield>
  <datafield tag="952" ind1=" " ind2=" ">
    <subfield code="0">0</subfield>
    <subfield code="1">0</subfield>
    <subfield code="7">0</subfield>
    <subfield code="8">NFIC</subfield>
    <subfield code="a">IC</subfield>
    <subfield code="b">IC</subfield>
    <subfield code="c">GEN</subfield>
    <subfield code="d">2023-03-20</subfield>
    <subfield code="g">395.00</subfield>
    <subfield code="l">2</subfield>
    <subfield code="o">546 BAN</subfield>
    <subfield code="p">005739</subfield>
    <subfield code="r">2023-04-04 00:00:00</subfield>
    <subfield code="s">2023-04-03</subfield>
    <subfield code="w">2023-03-20</subfield>
    <subfield code="y">BK</subfield>
  </datafield>
</record>
